500 Social Media Marketing Tips : (Record no. 33486)
[ view plain ]
| 000 -LEADER | |
|---|---|
| fixed length control field | 00531nam a22001697a 4500 |
| 005 - DATE AND TIME OF LATEST TRANSACTION | |
| control field | 20230915150342.0 |
| 008 - FIXED-LENGTH DATA ELEMENTS--GENERAL INFORMATION | |
| fixed length control field | 230908b |||||||| |||| 00| 0 eng d |
| 082 ## - DEWEY DECIMAL CLASSIFICATION NUMBER | |
| Classification number | 658.872 |
| Item number | MAC-S |
| 100 ## - MAIN ENTRY--AUTHOR | |
| Author Name | Macarthy, Andrew |
| 245 ## - TITLE STATEMENT | |
| Title | 500 Social Media Marketing Tips : |
| Remainder of title | Essential Advice, Hints and Strategy for Business Facebook, Twitter, Pinterest, Google+, YouTube, Instagram, LinkedIn, and More |
| 260 ## - PUBLICATION, DISTRIBUTION, ETC. | |
| Date of publication, distribution, etc. | 2015 |
| 300 ## - PHYSICAL DESCRIPTION | |
| Pages | 209 |
| 500 ## - GENERAL NOTE | |
| General note | Include Index |
| 650 ## - SUBJECT ADDED ENTRY--TOPICAL TERM | |
| Subject / Department | Management |
| 700 ## - ADDED ENTRY--PERSONAL NAME | |
| Personal name | Andrew,Macarthy |
| 952 ## - LOCATION AND ITEM INFORMATION (KOHA) | |
| -- | 0 |
| -- | 0 |
| Lost status | Damaged status | Permanent Location | Current Location | Shelving Location | Date acquired | Full Call Number | Accession No./Barcode | Date last seen | item type |
|---|---|---|---|---|---|---|---|---|---|
| Superior Information Resource Center (SIRC) Superior University- Main Campus | Superior Information Resource Center (SIRC) Superior University- Main Campus | Management | 09/08/2023 | 658.872 MAC-S 2015 | 20379 | 09/08/2023 | BOOK |
